Is problem-oriented policing effective in reducing crime and disorder?: Findings from a Campbell systematic review

Gespeichert in:  
Bibliographische Detailangaben
VerfasserInnen: Weisburd, David 1954- (Verfasst von) ; Eck, John E. (Verfasst von) ; Hinkle, Joshua (Verfasst von) ; Telep, Cody W. (Verfasst von)
Medienart: Elektronisch Aufsatz
Sprache:Englisch
Veröffentlicht: 2010
In: Criminology & public policy
Jahr: 2010, Band: 9, Heft: 1, Seiten: 139-172
Online-Zugang: Volltext (lizenzpflichtig)
Volltext (lizenzpflichtig)
Verfügbarkeit prüfen: HBZ Gateway

MARC

LEADER 00000caa a22000002c 4500
001 1912599279
003 DE-627
005 20250122055010.0
007 cr uuu---uuuuu
008 241217s2010 xx |||||o 00| ||eng c
024 7 |a 10.1111/j.1745-9133.2010.00617.x  |2 doi 
035 |a (DE-627)1912599279 
035 |a (DE-599)KXP1912599279 
040 |a DE-627  |b ger  |c DE-627  |e rda 
041 |a eng 
084 |a 2,1  |2 ssgn 
100 1 |a Weisburd, David  |d 1954-  |e VerfasserIn  |0 (DE-588)133584623  |0 (DE-627)548771499  |0 (DE-576)166603546  |4 aut 
109 |a Weisburd, David 1954-  |a Weisburd, David L. 1954-  |a Weisburd, David Lee 1954- 
245 1 0 |a Is problem-oriented policing effective in reducing crime and disorder?: Findings from a Campbell systematic review 
264 1 |c 2010 
336 |a Text  |b txt  |2 rdacontent 
337 |a Computermedien  |b c  |2 rdamedia 
338 |a Online-Ressource  |b cr  |2 rdacarrier 
700 1 |a Eck, John E.  |e VerfasserIn  |0 (DE-588)142902128  |0 (DE-627)704338580  |0 (DE-576)164617086  |4 aut 
700 1 |a Hinkle, Joshua  |e VerfasserIn  |0 (DE-588)1313645702  |0 (DE-627)1876224053  |4 aut 
700 1 |a Telep, Cody W.  |e VerfasserIn  |0 (DE-588)121157329X  |0 (DE-627)1699981892  |0 (DE-576)325331162  |4 aut 
773 0 8 |i Enthalten in  |t Criminology & public policy  |d Oxford [u.a.] : Wiley-Blackwell, 2001  |g 9(2010), 1, Seite 139-172  |h Online-Ressource  |w (DE-627)357169069  |w (DE-600)2094251-5  |w (DE-576)262493047  |x 1745-9133  |7 nnas 
773 1 8 |g volume:9  |g year:2010  |g number:1  |g pages:139-172 
787 0 8 |i Forschungsdaten  |a Weisburd, David  |t Systematic Review of the Effects of Problem-Oriented Policing on Crime and Disorder, 1985-2006  |d [Erscheinungsort nicht ermittelbar] : [Verlag nicht ermittelbar], 2011  |w (DE-627)1840050063 
856 4 0 |u https://doi.org/10.1111/j.1745-9133.2010.00617.x  |x Resolving-System  |z lizenzpflichtig  |3 Volltext  |7 1 
856 4 0 |u http://www.ncjrs.gov/App/publications/abstract.aspx?ID=251516  |x Verlag  |z lizenzpflichtig  |3 Volltext  |7 1 
935 |a mkri 
951 |a AR 
ELC |a 1 
LOK |0 000 xxxxxcx a22 zn 4500 
LOK |0 001 4637564794 
LOK |0 003 DE-627 
LOK |0 004 1912599279 
LOK |0 005 20241217044627 
LOK |0 008 241217||||||||||||||||ger||||||| 
LOK |0 035   |a (DE-2619)ICPSR108842 
LOK |0 040   |a DE-2619  |c DE-627  |d DE-2619 
LOK |0 092   |o n 
LOK |0 852   |a DE-2619 
LOK |0 852 1  |9 00 
LOK |0 935   |a nacp 
LOK |0 939   |a 17-12-24  |b l01 
ORI |a SA-MARC-krimdoka001.raw